Analýza úplných nákladov práce v SR 2001

Na minha lista:
Detalhes bibliográficos
Formato: Livro
Idioma:eslovaco
Publicado em: Bratislava Štatistický úrad Slovenskej republiky 2003
Colecção:Demografia a sociálna štatistika
Assuntos:
Tags: Adicionar Tag
Sem tags, seja o primeiro a adicionar uma tag!

MARC

LEADER 00000nam a2200000 4500
001 c142062
005 20240514140655.7
041 0 |a slo 
044 |a SK 
245 1 0 |a Analýza úplných nákladov práce v SR 2001 
264 1 |a Bratislava  |b Štatistický úrad Slovenskej republiky  |c 2003 
300 |a 67 s. 
490 1 |a Demografia a sociálna štatistika 
830 0 |a Demografia a sociálna štatistika 
610 2 0 |a náklady práce 
610 2 0 |a Slovensko